[Event "28th European Club Cup"]
[Site "Eilat ISR"]
[Date "2012.10.11"]
[Round "1.12"]
[White "Palliser, Richard J D"]
[Black "Arnaudov, G. Petar"]
[Result "1/2-1/2"]
[WhiteTitle "IM"]
[BlackTitle "IM"]
[WhiteElo "2458"]
[BlackElo "2471"]
[WhiteTeam "White Rose"]
[BlackTeam "Gambit Aseko-See"]
[WhiteFideId "407372"]
[BlackFideId "2907127"]
[EventDate "2012.10.11"]
[EventType "team-swiss"]

1. d4 Nf6 2. Nf3 d5 3. c4 e6 4. Nc3 c5 5. cxd5 cxd4 6. Qxd4 exd5 7. e3 Nc6 8.
Qd3 Be6 9. Be2 Bd6 10. O-O O-O 11. Nb5 Bb8 12. Bd2 Ne4 13. Rfd1 Ne5 14. Qd4
Nxf3+ 15. Bxf3 Bxh2+ 16. Kxh2 Qh4+ 17. Kg1 Qxf2+ 18. Kh2 Qh4+ 19. Kg1 Qf2+ 20.
Kh2 Qh4+ 1/2-1/2

[Event "28th European Club Cup"]
[Site "Eilat ISR"]
[Date "2012.10.11"]
[Round "1.12"]
[White "Mitkov, Marjan"]
[Black "Van De Griendt, Jan Willem"]
[Result "0-1"]
[WhiteTitle "IM"]
[BlackTitle "FM"]
[WhiteElo "2331"]
[BlackElo "2318"]
[WhiteTeam "Gambit Aseko-See"]
[BlackTeam "White Rose"]
[WhiteFideId "15000354"]
[BlackFideId "1002112"]
[EventDate "2012.10.11"]
[EventType "team-swiss"]

1. d4 Nf6 2. Nf3 e6 3. c4 c5 4. d5 d6 5. Nc3 exd5 6. cxd5 g6 7. Bf4 a6 8. a4 Bg7
9. h3 O-O 10. e3 Re8 11. Bd3 Nbd7 12. O-O Nh5 13. Bh2 f5 14. Nd2 Ne5 15. Nc4
Nxc4 16. Bxc4 Rb8 17. Qb3 Qc7 18. Qa3 Nf6 19. Rac1 Nd7 20. Rfd1 Ne5 21. Bf1 Qa5
22. e4 Bd7 23. Re1 b5 24. axb5 Qxa3 25. bxa3 axb5 26. exf5 gxf5 27. f4 Nf3+ 28.
gxf3 Rxe1 29. Rxe1 Bxc3 30. Re7 Rd8 31. Bg3 Bf6 32. Re1 Ra8 33. Rb1 c4 34. Be1
Bd4+ 35. Kh1 Rxa3 36. Bb4 Ra6 37. Re1 Kf7 38. Be2 Bf2 39. Rd1 Be3 40. Kg2 Ra2
41. Kf1 Bxf4 42. Rd4 Be5 43. Rh4 Kg6 44. f4 Bf6 0-1

[Event "28th European Club Cup"]
[Site "Eilat ISR"]
[Date "2012.10.11"]
[Round "1.12"]
[White "Townsend, M Paul"]
[Black "Dancevski, Orce"]
[Result "0-1"]
[BlackTitle "IM"]
[WhiteElo "2240"]
[BlackElo "2389"]
[WhiteTeam "White Rose"]
[BlackTeam "Gambit Aseko-See"]
[WhiteFideId "402320"]
[BlackFideId "15000311"]
[EventDate "2012.10.11"]
[EventType "team-swiss"]

1. d4 d5 2. c4 e6 3. Nf3 Nf6 4. g3 dxc4 5. Qa4+ Nbd7 6. Bg2 a6 7. Nc3 Rb8 8.
Qxc4 b5 9. Qd3 Bb7 10. O-O c5 11. Bf4 Rc8 12. dxc5 Bxc5 13. Rad1 Qb6 14. Ne5
Bxg2 15. Kxg2 Nxe5 16. Bxe5 Qc6+ 17. Qf3 Qxf3+ 18. Kxf3 Ke7 19. Rd2 Rhd8 20.
Rfd1 Rxd2 21. Rxd2 Rc6 22. e3 Ne8 23. Ne4 Bb4 24. Rd4 Ba5 25. Rd3 f6 26. Bc3 b4
27. Bd2 Rc2 28. a3 Rxb2 29. axb4 Bxb4 30. Bxb4+ Rxb4 31. Nc5 Nd6 32. Nxa6 Rc4
33. Rb3 g5 34. h3 h5 35. g4 hxg4+ 36. hxg4 Rc1 37. Nb4 Nc4 38. Ke2 Rg1 39. f3
Rg2+ 40. Kd3 Ne5+ 41. Ke4 Nc4 42. Kd3 Nd2 43. Ra3 Nxf3 44. Ra7+ Kd6 45. Ra6+ Kd7
46. Ra7+ Ke8 47. Nc6 Ne1+ 48. Kd4 Rxg4+ 49. e4 Nf3+ 50. Ke3 Rf4 51. Re7+ Kf8 52.
Rxe6 Kf7 53. Re7+ Kg6 54. Ra7 Kh5 55. Ra2 Kg4 56. Ne7 Ne5 57. Nf5 Rf3+ 58. Kd4
Rd3+ 59. Kc5 Kf4 60. Nd6 g4 61. Ne8 Kg5 62. Ng7 g3 63. Nf5 Kf4 64. Rg2 Kg4 65.
Rg1 Kh3 66. Rh1+ Kg2 67. Rh6 Kf2 68. Nh4 Nd7+ 69. Kc4 Rd1 70. Kc3 g2 71. Nxg2
Kxg2 0-1

[Event "28th European Club Cup"]
[Site "Eilat ISR"]
[Date "2012.10.11"]
[Round "1.12"]
[White "Stojcevski, Zoran"]
[Black "Barrett, Stephen J"]
[Result "1/2-1/2"]
[WhiteTitle "FM"]
[WhiteElo "2325"]
[BlackElo "2225"]
[WhiteTeam "Gambit Aseko-See"]
[BlackTeam "White Rose"]
[WhiteFideId "15000192"]
[BlackFideId "408727"]
[EventDate "2012.10.11"]
[EventType "team-swiss"]

1. e4 c5 2. Nf3 e6 3. d4 cxd4 4. Nxd4 Nf6 5. Bd3 Nc6 6. Nxc6 bxc6 7. O-O e5 8.
Nc3 Bc5 9. Qf3 O-O 10. Bg5 h6 11. Bxf6 Qxf6 12. Qxf6 gxf6 13. Na4 Bb6 14. b4 d5
15. Nxb6 axb6 16. a4 f5 17. exd5 cxd5 18. a5 bxa5 19. Rxa5 Be6 20. Ba6 Rab8 21.
c3 Rb6 22. f4 d4 23. fxe5 dxc3 24. Rc1 Rxb4 25. Rxc3 Rb1+ 26. Kf2 Rb2+ 27. Kf3
Rd8 28. Rd3 Ra8 29. Rda3 Rd8 30. Rd3 Ra8 31. Rda3 Rd8 32. Rd3 Ra8 1/2-1/2

[Event "28th European Club Cup"]
[Site "Eilat ISR"]
[Date "2012.10.11"]
[Round "1.12"]
[White "Gayson, Peter M"]
[Black "Andonovski, Ljubisa"]
[Result "1/2-1/2"]
[BlackTitle "FM"]
[WhiteElo "2207"]
[BlackElo "2274"]
[WhiteTeam "White Rose"]
[BlackTeam "Gambit Aseko-See"]
[WhiteFideId "401838"]
[BlackFideId "15000427"]
[EventDate "2012.10.11"]
[EventType "team-swiss"]

1. e4 c6 2. d4 d5 3. e5 Bf5 4. Nf3 e6 5. Be2 Nd7 6. O-O Bg6 7. b3 Ne7 8. c4 Nf5
9. Nc3 Bb4 10. Bb2 O-O 11. a3 Be7 12. Qd2 Bh5 13. cxd5 cxd5 14. Ne1 Bxe2 15.
Nxe2 Qb6 16. Qd3 Rac8 17. g4 Nh6 18. h3 f6 19. exf6 Bxf6 20. f4 Nf7 21. Kg2 Nd6
22. Nf3 Ne4 23. Rac1 Be7 24. Rxc8 Rxc8 25. Rc1 Rf8 26. Rf1 Bd6 27. Ng5 Nxg5 28.
fxg5 Rxf1 29. Kxf1 Qd8 30. Bc1 a6 31. Kg2 Nf8 32. h4 Qe7 33. a4 Qf7 34. h5 Qc7
35. Kf3 Qf7+ 36. Kg2 Qc7 37. Kf3 Qf7+ 38. Kg2 1/2-1/2

[Event "28th European Club Cup"]
[Site "Eilat ISR"]
[Date "2012.10.11"]
[Round "1.12"]
[White "Dinev, Dejan"]
[Black "O'driscoll, Kieran"]
[Result "1-0"]
[WhiteTitle "FM"]
[WhiteElo "2348"]
[BlackElo "2113"]
[WhiteTeam "Gambit Aseko-See"]
[BlackTeam "White Rose"]
[WhiteFideId "15000095"]
[BlackFideId "2501899"]
[EventDate "2012.10.11"]
[EventType "team-swiss"]

1. e4 d5 2. exd5 Nf6 3. Nf3 Nxd5 4. d4 g6 5. c4 Nb6 6. Be2 Bg7 7. O-O O-O 8. h3
Nc6 9. Be3 e5 10. dxe5 Qxd1 11. Rxd1 Nxe5 12. Nxe5 Bxe5 13. Bd4 Bxd4 14. Rxd4
Be6 15. Nc3 Rad8 16. Rad1 Rxd4 17. Rxd4 c6 18. b3 f5 19. f4 Kf7 20. Kf2 Ke7 21.
Bf3 Rd8 22. Ke3 Rd7 23. c5 Rxd4 24. Kxd4 Nd7 25. b4 a6 26. a4 Bb3 27. g3 h5 28.
h4 Bf7 29. a5 Bb3 30. b5 Nf8 31. bxa6 Ne6+ 32. Ke5 bxa6 33. Bxc6 Nxc5 34. Nd5+
Kf7 35. Nb4 Ke7 36. Kd4 Kd6 37. Be8 Bd1 38. Bxg6 Nb3+ 39. Kc3 Ke6 40. Bxh5 Bxh5
41. Kxb3 Be2 42. Kc3 Kf6 43. Kd4 Kg6 44. Ke5 1-0

[Event "28th European Club Cup"]
[Site "Eilat ISR"]
[Date "2012.10.11"]
[Round "1.13"]
[White "Edouard, Romain"]
[Black "Svetushkin, Dmitry"]
[Result "1-0"]
[WhiteTitle "GM"]
[WhiteElo "2664"]
[BlackElo "2597"]
[WhiteTeam "Club d'Echecs Genève"]
[BlackTeam "Perfect"]
[WhiteFideId "633429"]
[BlackFideId "13900463"]
[EventDate "2012.10.11"]
[EventType "team-swiss"]

1. d4 d5 2. c4 c6 3. Nf3 Nf6 4. Nc3 dxc4 5. a4 e6 6. e3 c5 7. Bxc4 Nc6 8. O-O
Be7 9. Qe2 cxd4 10. exd4 O-O 11. Rd1 Nd5 12. Ne5 Nxc3 13. bxc3 Nxe5 14. dxe5 Qc7
15. Bd3 Bd7 16. h4 Bc6 17. Bf4 Rfd8 18. Qh5 g6 19. Qg4 Bf8 20. h5 Bg7 21. hxg6
hxg6 22. Qg3 Rd5 23. Re1 Rad8 24. Re3 Qd7 25. Be2 Rd2 26. Bg5 Rc8 27. Qh4 Qd5
28. Bf3 Qd7 29. Bxc6 Rxc6 30. Rh3 Bxe5 31. Qh7+ Kf8 32. Qh6+ Bg7 33. Bf6 Rd1+
34. Kh2 Qc7+ 35. g3 Bxh6 36. Rxh6 1-0

[Event "28th European Club Cup"]
[Site "Eilat ISR"]
[Date "2012.10.11"]
[Round "1.13"]
[White "Korsunsky, Yuri"]
[Black "Vuilleumier, Alexandre"]
[Result "0-1"]
[WhiteTitle "IM"]
[BlackTitle "IM"]
[WhiteElo "2419"]
[BlackElo "2326"]
[WhiteTeam "Perfect"]
[BlackTeam "Club d'Echecs Genève"]
[WhiteFideId "14102722"]
[BlackFideId "1305662"]
[EventDate "2012.10.11"]
[EventType "team-swiss"]

1. e4 c5 2. c3 Nf6 3. e5 Nd5 4. d4 cxd4 5. Nf3 Nc6 6. cxd4 d6 7. Bc4 Nb6 8. Bb5
dxe5 9. Nxe5 Bd7 10. Bxc6 Bxc6 11. Nxc6 bxc6 12. Bf4 e6 13. Be5 Bb4+ 14. Nc3 O-O
15. O-O Nc4 16. Qb3 Nxe5 17. dxe5 Rb8 18. Qc4 Qa5 19. Rfe1 Bxc3 20. bxc3 Qd5 21.
Qa4 Qc5 22. Rab1 Rxb1 23. Rxb1 Qxc3 24. Qxa7 Qxe5 25. g3 h5 26. h4 c5 27. a4 c4
28. Rb5 Qe1+ 29. Kg2 Qe4+ 30. Kh2 c3 31. Qc7 Qf3 32. Kg1 Qd1+ 33. Kg2 Qxa4 34.
Rc5 Qe4+ 35. Kg1 Ra8 36. Rxc3 Qe1+ 37. Kg2 Ra1 38. Qd8+ Kh7 39. Qd3+ f5 40. Kf3
Ra2 41. Rc2 Qe4+ 0-1

[Event "28th European Club Cup"]
[Site "Eilat ISR"]
[Date "2012.10.11"]
[Round "1.13"]
[White "Gerber, Richard"]
[Black "Kurochkin, Victor"]
[Result "1-0"]
[WhiteTitle "IM"]
[WhiteElo "2421"]
[BlackElo "2423"]
[WhiteTeam "Club d'Echecs Genève"]
[BlackTeam "Perfect"]
[WhiteFideId "1300652"]
[BlackFideId "4105168"]
[EventDate "2012.10.11"]
[EventType "team-swiss"]

1. Nf3 c5 2. c4 Nf6 3. Nc3 e6 4. g3 Be7 5. Bg2 O-O 6. d4 cxd4 7. Nxd4 a6 8. O-O
Qc7 9. Bf4 d6 10. Nb3 Nbd7 11. Rc1 e5 12. Be3 Rb8 13. Qd2 b6 14. Nd5 Nxd5 15.
cxd5 Qd8 16. f4 Bf6 17. fxe5 Bxe5 18. Nd4 Bxd4 19. Bxd4 Re8 20. Qf4 Qe7 21. Rc6
Nf8 22. Rxd6 f6 23. Rxf6 gxf6 24. Qxb8 Bh3 25. Qf4 Bxg2 26. Kxg2 Qxe2+ 27. Rf2
Qe4+ 28. Qxe4 Rxe4 29. Bxf6 Nd7 30. Bc3 b5 31. Rf4 Rxf4 32. gxf4 Nb6 33. d6 Kf7
34. f5 Nc4 35. Bb4 1-0

[Event "28th European Club Cup"]
[Site "Eilat ISR"]
[Date "2012.10.11"]
[Round "1.13"]
[White "Slavin, Gennadie"]
[Black "Duport, Nicolas"]
[Result "0-1"]
[WhiteElo "2300"]
[BlackElo "2199"]
[WhiteTeam "Perfect"]
[BlackTeam "Club d'Echecs Genève"]
[WhiteFideId "4104870"]
[BlackFideId "1314424"]
[EventDate "2012.10.11"]
[EventType "team-swiss"]

1. e4 e6 2. d4 d5 3. e5 c5 4. c3 Qb6 5. Nf3 Nc6 6. a3 Nh6 7. Bd3 Bd7 8. Bc2 Nf5
9. Bxf5 exf5 10. O-O a5 11. Qd3 Be6 12. Rd1 a4 13. Qe2 Be7 14. Be3 c4 15. Qc2 h6
16. Nbd2 Qb5 17. h4 O-O-O 18. Nf1 Na5 19. Rab1 Rdg8 20. Ng3 g6 21. Bf4 Nb3 22.
Qe2 g5 23. Bd2 f4 24. Nh5 Bg4 25. Nf6 Bxf6 26. exf6 Re8 27. Qf1 Bxf3 28. gxf3
Qd7 29. Kh2 Re6 30. Qh3 Re2 31. Be1 Rhe8 32. Qxd7+ Kxd7 33. Kh3 Ke6 34. Kg4 Kxf6
35. Kh5 Rh8 36. Kg4 Kg6 37. Kh3 Kf5 38. Kg2 f6 39. Kf1 Rhe8 40. h5 Rc2 0-1

[Event "28th European Club Cup"]
[Site "Eilat ISR"]
[Date "2012.10.11"]
[Round "1.14"]
[White "Leer-Salvesen, Bjarte"]
[Black "Sprenger, Jan Michael"]
[Result "0-1"]
[WhiteTitle "IM"]
[BlackTitle "IM"]
[WhiteElo "2370"]
[BlackElo "2491"]
[WhiteTeam "Soss"]
[BlackTeam "De Stukkenjagers"]
[WhiteFideId "1501496"]
[BlackFideId "4646258"]
[EventDate "2012.10.11"]
[EventType "team-swiss"]

1. c4 e5 2. g3 Nf6 3. Bg2 h6 4. a3 c6 5. d4 exd4 6. Qxd4 d5 7. Nf3 Be7 8. O-O
O-O 9. cxd5 cxd5 10. Rd1 Bf5 11. Ne5 Nc6 12. Nxc6 bxc6 13. Qa4 Qb6 14. Nc3 Rfe8
15. e3 a5 16. Qd4 Qb3 17. Bf3 Bd6 18. Qd2 Be5 19. Re1 Bc2 20. a4 Bf5 21. Bd1 Qc4
22. Ra3 Rab8 23. Be2 Qb4 24. Bd3 Bxd3 25. Qxd3 Ne4 26. Rd1 Nd6 27. Ra1 Nc4 28.
Na2 Nxb2 29. Bxb2 Qxb2 30. Rdb1 Qxa1 31. Rxa1 Bxa1 32. Qa6 d4 33. Qxa5 dxe3 34.
fxe3 Rxe3 35. Qc7 Be5 36. Qxc6 Rb2 37. Kf1 g6 38. Nc1 Rxh2 39. Nd3 Rxd3 40. Qe8+
Kh7 0-1

[Event "28th European Club Cup"]
[Site "Eilat ISR"]
[Date "2012.10.11"]
[Round "1.14"]
[White "Haast, Mark"]
[Black "Byklum, Bjornar"]
[Result "1/2-1/2"]
[BlackTitle "FM"]
[WhiteElo "2287"]
[BlackElo "2298"]
[WhiteTeam "De Stukkenjagers"]
[BlackTeam "Soss"]
[WhiteFideId "1021133"]
[BlackFideId "1502123"]
[EventDate "2012.10.11"]
[EventType "team-swiss"]

1. d4 d5 2. c4 e6 3. Nc3 c5 4. cxd5 exd5 5. Nf3 Nc6 6. g3 Nf6 7. Bg2 Be7 8. O-O
O-O 9. Bg5 c4 10. Ne5 Be6 11. Nxc6 bxc6 12. b3 Rc8 13. Na4 Re8 14. Qd2 cxb3 15.
Bxf6 Bxf6 16. axb3 Be7 17. Nc5 Bxc5 18. dxc5 Re7 19. b4 Rb7 20. Ra4 Qe7 21. Rfa1
h6 22. Qd3 Rcb8 23. Qa3 Bf5 24. Bf1 Qf6 25. Rc1 Be4 26. Bg2 Bxg2 27. Kxg2 Qe5
28. Qf3 Rxb4 29. Rxa7 R8b7 30. Rca1 Rb3 31. Rxb7 Rxb7 32. Ra8+ Kh7 33. h4 Re7
34. h5 Qe4 35. Rc8 Qxf3+ 36. Kxf3 Re6 37. e3 g6 38. g4 Kg7 39. Rc7 Kf6 40. hxg6
Kxg6 41. Kg3 f5 42. Rc8 fxg4 43. Kxg4 Kf6 44. Kh5 Ke5 45. Rd8 Kf5 46. Rd6 Rxd6
47. cxd6 Ke6 48. f4 Kxd6 49. Kxh6 Ke7 50. Kg7 Ke6 51. Kg6 Ke7 52. Kg7 1/2-1/2

[Event "28th European Club Cup"]
[Site "Eilat ISR"]
[Date "2012.10.11"]
[Round "1.14"]
[White "Harestad, Hans Krogh"]
[Black "Nabuurs, Mart"]
[Result "1-0"]
[WhiteElo "2265"]
[BlackElo "2250"]
[WhiteTeam "Soss"]
[BlackTeam "De Stukkenjagers"]
[WhiteFideId "1501640"]
[BlackFideId "1018515"]
[EventDate "2012.10.11"]
[EventType "team-swiss"]

1. d4 d5 2. c4 c6 3. Nf3 e6 4. Qc2 Nf6 5. g3 Nbd7 6. Bg2 Bd6 7. O-O O-O 8. Bg5
h6 9. Bxf6 Qxf6 10. Nc3 Qd8 11. e4 dxe4 12. Nxe4 Be7 13. Rad1 Qc7 14. Rfe1 b6
15. c5 Bb7 16. Ne5 Rad8 17. b4 Nf6 18. Qa4 Nd5 19. Rc1 b5 20. Qb3 a5 21. a3 Ra8
22. Nc3 Ra6 23. Be4 axb4 24. axb4 Rfa8 25. Bb1 Bf6 26. Nxd5 exd5 27. Ng4 Bg5 28.
f4 Bxf4 29. gxf4 Qxf4 30. Nf2 Ra3 31. Qxa3 Rxa3 32. Re8# 1-0

[Event "28th European Club Cup"]
[Site "Eilat ISR"]
[Date "2012.10.11"]
[Round "1.14"]
[White "Muhren, Bianca"]
[Black "Stenersen, Gudmund"]
[Result "1-0"]
[WhiteTitle "WGM"]
[WhiteElo "2307"]
[BlackElo "2226"]
[WhiteTeam "De Stukkenjagers"]
[BlackTeam "Soss"]
[WhiteFideId "1008498"]
[BlackFideId "1502581"]
[EventDate "2012.10.11"]
[EventType "team-swiss"]

1. e4 e5 2. Nf3 Nc6 3. Nc3 Nf6 4. Bb5 Nd4 5. Bc4 Bc5 6. Nxe5 O-O 7. d3 c6 8. Bb3
d5 9. Bf4 Re8 10. Bg3 Bd6 11. f4 Bxe5 12. fxe5 Ng4 13. Qd2 Nxe5 14. O-O Nxb3 15.
axb3 d4 16. Qf2 f6 17. Ne2 c5 18. h3 Nc6 19. Bh4 Qd6 20. Nf4 Ne5 21. Nh5 Re6 22.
Nf4 Re7 23. Nd5 Rf7 24. Bg3 Be6 25. Nf4 b6 26. Nh5 Rd8 27. Bf4 Bc8 28. Qg3 Re8
29. Bh6 Qf8 30. Rxa7 Rxa7 31. Nxf6+ Kh8 32. Nxe8 Qxe8 33. Qxe5 Re7 34. Qf4 gxh6
35. Qf8+ Qxf8 36. Rxf8+ Kg7 37. Rxc8 Ra7 38. Kf2 Ra2 39. Ke2 Rxb2 40. Kd2 Rb1
41. Rc7+ Kg8 42. Rc6 h5 43. Rxb6 Rg1 44. Rb5 Rxg2+ 45. Kc1 Rg3 46. h4 Rg4 47.
Rxc5 Rxh4 48. b4 Rh1+ 49. Kb2 h4 50. b5 Rf1 51. Rh5 Rf4 52. b6 Rf6 53. Rb5 Rf8
54. Rg5+ Kh8 55. Rh5 Rb8 56. Kb3 Rxb6+ 57. Kc4 Rb2 58. Kxd4 Rxc2 59. Rxh4 Kg7
60. e5 Kg6 61. Kd5 h5 62. d4 Kg5 63. Rh1 h4 64. e6 Kg4 65. Re1 Rc8 66. e7 Re8
67. Kd6 h3 68. Kd7 Rxe7+ 69. Kxe7 h2 70. d5 Kg3 71. d6 Kg2 72. d7 h1=Q 73. Rxh1
Kxh1 74. d8=Q 1-0

[Event "28th European Club Cup"]
[Site "Eilat ISR"]
[Date "2012.10.11"]
[Round "1.14"]
[White "Andreassen, Pal"]
[Black "Beukema, Stefan"]
[Result "0-1"]
[BlackTitle "FM"]
[WhiteElo "2133"]
[BlackElo "2271"]
[WhiteTeam "Soss"]
[BlackTeam "De Stukkenjagers"]
[WhiteFideId "1503723"]
[BlackFideId "1024523"]
[EventDate "2012.10.11"]
[EventType "team-swiss"]

1. e4 e5 2. Nc3 Nf6 3. g3 d5 4. exd5 Nxd5 5. Bg2 Be6 6. Nf3 Nc6 7. Qe2 Bd6 8.
O-O O-O 9. Ne4 Bg4 10. c3 Qd7 11. Re1 Kh8 12. Nxd6 cxd6 13. d3 Rae8 14. Qf1 f5
15. Ng5 Nc7 16. f3 Bh5 17. f4 h6 18. Nf3 e4 19. dxe4 fxe4 20. Nd2 d5 21. Nb3 Ne5
22. Be3 b6 23. a4 Nd3 24. Reb1 g5 25. Nc1 gxf4 26. Bd4+ Kh7 27. Nxd3 fxg3 28.
Nf4 gxh2+ 29. Kxh2 Qd6 30. Be3 Ne6 31. Kg3 Nxf4 32. Bxf4 Rxf4 33. Qxf4 Rg8+ 0-1

[Event "28th European Club Cup"]
[Site "Eilat ISR"]
[Date "2012.10.11"]
[Round "1.14"]
[White "Haast, Anne"]
[Black "Sodtholt, Dag"]
[Result "1/2-1/2"]
[WhiteTitle "WIM"]
[WhiteElo "2232"]
[BlackElo "1954"]
[WhiteTeam "De Stukkenjagers"]
[BlackTeam "Soss"]
[WhiteFideId "1017292"]
[BlackFideId "1501488"]
[EventDate "2012.10.11"]
[EventType "team-swiss"]

1. e4 c5 2. Nf3 d6 3. d4 cxd4 4. Nxd4 Nf6 5. Nc3 g6 6. Be3 Bg7 7. f3 O-O 8. Qd2
Nc6 9. g4 Be6 10. Nxe6 fxe6 11. O-O-O Ne5 12. Be2 Qc8 13. Kb1 Nc4 14. Bxc4 Qxc4
15. Ne2 d5 16. e5 Nd7 17. f4 g5 18. Nd4 gxf4 19. Bxf4 Nc5 20. Bh6 Ne4 21. Qe3
Rf2 22. Bxg7 Kxg7 23. Nxe6+ Kh8 24. Rc1 Rg8 25. Qxa7 Qc8 26. Nd4 Rg6 27. e6 Rxg4
28. Rhg1 Rxg1 29. Rxg1 Rxh2 30. Ka1 Rf2 31. a3 h6 32. Qa5 Nf6 33. Qe1 Ne4 34.
Qe3 Qf8 35. Ka2 Qf6 36. Qd3 Kh7 37. Qd1 Ng5 38. Qd3+ Ne4 39. Qd1 Ng5 40. Rg4 Ne4
41. Rg1 1/2-1/2

[Event "28th European Club Cup"]
[Site "Eilat ISR"]
[Date "2012.10.11"]
[Round "1.15"]
[White "Johannessen, Leif Erlend"]
[Black "Villegas, Pierre"]
[Result "1-0"]
[WhiteTitle "GM"]
[WhiteElo "2520"]
[BlackElo "2202"]
[WhiteTeam "Oslo Schakselskap"]
[BlackTeam "C.E. de Monte Carlo"]
[WhiteFideId "1501674"]
[BlackFideId "654183"]
[EventDate "2012.10.11"]
[EventType "team-swiss"]

1. Nf3 d5 2. d4 Nf6 3. c4 e6 4. Nc3 Be7 5. Bg5 O-O 6. e3 h6 7. Bxf6 Bxf6 8. Qd2
dxc4 9. Bxc4 Nd7 10. h4 g6 11. O-O-O c5 12. Qc2 Qe7 13. d5 Bxc3 14. Qxc3 exd5
15. Rxd5 Nb6 16. Re5 Qf6 17. Bb3 c4 18. Bc2 Be6 19. h5 Nd7 20. hxg6 Nxe5 21.
Nxe5 Kg7 22. gxf7 Rfd8 23. Rxh6 1-0

[Event "28th European Club Cup"]
[Site "Eilat ISR"]
[Date "2012.10.11"]
[Round "1.15"]
[White "Nelis, Jean-Francois"]
[Black "Moen, Andreas"]
[Result "0-1"]
[BlackTitle "IM"]
[WhiteElo "2212"]
[BlackElo "2377"]
[WhiteTeam "C.E. de Monte Carlo"]
[BlackTeam "Oslo Schakselskap"]
[WhiteFideId "623830"]
[BlackFideId "1501453"]
[EventDate "2012.10.11"]
[EventType "team-swiss"]

1. e4 e5 2. Nf3 Nc6 3. Bc4 Bc5 4. c3 Nf6 5. d3 O-O 6. O-O d6 7. Re1 a6 8. Bb3
Ba7 9. h3 Ne7 10. d4 Ng6 11. Nbd2 Re8 12. Bc2 Nh5 13. Nxe5 dxe5 14. Qxh5 exd4
15. Nf3 dxc3 16. e5 Qe7 17. Ng5 h6 18. e6 Bxe6 19. Rxe6 cxb2 20. Bxb2 Qxg5 21.
Bxg6 fxg6 22. Qxg5 hxg5 23. Rxg6 Re7 24. Rd1 Rf8 25. Rd2 Rf5 26. g4 Ra5 27. Bf6
Rf7 28. Bxg5 Kh7 29. Re6 Rxg5 30. Kg2 Rg6 31. Re5 Rgf6 0-1

[Event "28th European Club Cup"]
[Site "Eilat ISR"]
[Date "2012.10.11"]
[Round "1.15"]
[White "Stubberud, Ornulf"]
[Black "Ribbegren, Karl Johan"]
[Result "1-0"]
[WhiteTitle "FM"]
[WhiteElo "2309"]
[BlackElo "2101"]
[WhiteTeam "Oslo Schakselskap"]
[BlackTeam "C.E. de Monte Carlo"]
[WhiteFideId "1503758"]
[BlackFideId "5400040"]
[EventDate "2012.10.11"]
[EventType "team-swiss"]

1. e4 g6 2. d4 c6 3. Nc3 d6 4. Be3 Nf6 5. f3 Nbd7 6. Qd2 b5 7. g4 Nb6 8. g5 Nfd7
9. h4 Bb7 10. h5 Qc7 11. hxg6 fxg6 12. a3 a6 13. f4 O-O-O 14. Nf3 c5 15. d5 Bg7
16. a4 b4 17. Nd1 Kb8 18. a5 Nc8 19. Bc4 Nf8 20. Qd3 Ka7 21. c3 bxc3 22. Nxc3 e6
23. dxe6 d5 24. Nxd5 Bxd5 25. Bxd5 Nxe6 26. Qc2 Rhe8 27. Bxe6 Rxe6 28. Qxc5+
Qxc5 29. Bxc5+ Kb7 30. e5 1-0

[Event "28th European Club Cup"]
[Site "Eilat ISR"]
[Date "2012.10.11"]
[Round "1.15"]
[White "Farleigh, Richard"]
[Black "Dolzhikova, Olga"]
[Result "1-0"]
[BlackTitle "WGM"]
[WhiteElo "2184"]
[BlackElo "2286"]
[WhiteTeam "C.E. de Monte Carlo"]
[BlackTeam "Oslo Schakselskap"]
[WhiteFideId "5400112"]
[BlackFideId "14105870"]
[EventDate "2012.10.11"]
[EventType "team-swiss"]

1. d4 d5 2. Nf3 Nf6 3. c4 dxc4 4. e3 e6 5. Bxc4 c5 6. O-O Nc6 7. dxc5 Qxd1 8.
Rxd1 Bxc5 9. Nc3 a6 10. b3 b5 11. Be2 Bb7 12. Bb2 Rd8 13. Rxd8+ Kxd8 14. Ng5 Ke7
15. Nce4 Bb6 16. Nxf6 gxf6 17. Ne4 e5 18. Rd1 Rd8 19. Rxd8 Bxd8 20. Bd3 Bc8 21.
Ng3 h6 22. Nf5+ Bxf5 23. Bxf5 Kd6 24. Kf1 Bb6 25. Ke2 Ne7 26. g4 Bc5 27. Kd3 a5
28. Be4 Kc7 29. a4 Kb6 30. h3 Bb4 31. Kc2 Bc5 32. axb5 Kxb5 33. Bd3+ Kc6 34. Bc4
Nc8 35. Bxf7 Nd6 36. Bg6 Kd5 37. Kd2 Bb4+ 38. Ke2 Nb7 39. Bf7+ Kc5 40. f4 Nd6
41. Be6 exf4 42. exf4 Ne4 43. Ke3 Nc3 44. Kd3 Nd1 45. Bd4+ Kd6 46. Bc4 Bc5 47.
Bxf6 Nf2+ 48. Ke2 Nxh3 49. Kf3 Nf2 50. Bg7 Ke7 51. Bxh6 Nd1 52. Bg7 Ne3 53. Bg8
Nc2 54. Ke4 Nb4 55. f5 Ke8 56. g5 1-0

[Event "28th European Club Cup"]
[Site "Eilat ISR"]
[Date "2012.10.11"]
[Round "1.15"]
[White "Persson, Mats"]
[Black "Iclicki, Willy"]
[Result "1-0"]
[WhiteElo "2234"]
[BlackElo "2044"]
[WhiteTeam "Oslo Schakselskap"]
[BlackTeam "C.E. de Monte Carlo"]
[WhiteFideId "1708333"]
[BlackFideId "200450"]
[EventDate "2012.10.11"]
[EventType "team-swiss"]

1. e4 c6 2. d4 d5 3. Nc3 dxe4 4. Nxe4 Bf5 5. Ng3 Bg6 6. h4 h6 7. Nh3 Nf6 8. Nf4
Bh7 9. Bc4 e6 10. c3 Bd6 11. Nfh5 O-O 12. Bg5 Nbd7 13. Qf3 b5 14. Bb3 b4 15. c4
a5 16. Ba4 Bxg3 17. Nxg3 Qb6 18. c5 Qa6 19. Bxc6 Ra7 20. Be3 Rc7 21. Bxd7 Nxd7
22. Nh5 Qc6 23. Qg3 Bg6 24. Nxg7 Kxg7 25. h5 Rh8 26. hxg6 fxg6 27. Qh4 Nf6 28.
Bxh6+ Kf7 29. Qf4 Qe4+ 30. Kd2 Rd7 31. Qxe4 Nxe4+ 32. Ke3 Nf6 33. Bf4 Nd5+ 34.
Ke4 Rxh1 35. Rxh1 Nxf4 36. Rh7+ Ke8 37. Rxd7 Kxd7 38. Kxf4 1-0